Welcome to CU Library Online Public Access Catalogue (OPAC)

Economic theory and operations analysis / (Record no. 6032)

MARC details
000 -LEADER
fixed length control field 00676pam a2200229 i 4500
001 - CONTROL NUMBER
control field 2235258
005 - DATE AND TIME OF LATEST TRANSACTION
control field 20250529141350.0
008 - FIXED-LENGTH DATA ELEMENTS--GENERAL INFORMATION
fixed length control field 760929s1977 njua b 001 0 eng
020 ## - INTERNATIONAL STANDARD BOOK NUMBER
International Standard Book Number 013227132X :
Terms of availability $15.95
050 00 - LIBRARY OF CONGRESS CALL NUMBER
Classification number HB135
Item number .B38 1977
082 00 - DEWEY DECIMAL CLASSIFICATION NUMBER
Classification number 330/.01/84
100 1# - MAIN ENTRY--PERSONAL NAME
Personal name Baumol, William J.
245 10 - TITLE STATEMENT
Title Economic theory and operations analysis /
Statement of responsibility, etc. William J. Baumol.
250 ## - EDITION STATEMENT
Edition statement 4th ed.
260 ## - PUBLICATION, DISTRIBUTION, ETC.
Place of publication, distribution, etc. Englewood Cliffs, N.J. :
Name of publisher, distributor, etc. Prentice-Hall,
Date of publication, distribution, etc. c1977.
300 ## - PHYSICAL DESCRIPTION
Extent xxi, 695 p. :
Other physical details ill. ;
Dimensions 24 cm.
650 #0 - SUBJECT ADDED ENTRY--TOPICAL TERM
Topical term or geographic name entry element Microeconomics.
650 #0 - SUBJECT ADDED ENTRY--TOPICAL TERM
Topical term or geographic name entry element Economics, Mathematical.
650 #0 - SUBJECT ADDED ENTRY--TOPICAL TERM
Topical term or geographic name entry element Operations research.
650 #0 - SUBJECT ADDED ENTRY--TOPICAL TERM
Topical term or geographic name entry element Mathematical analysis.
942 ## - ADDED ENTRY ELEMENTS (KOHA)
Source of classification or shelving scheme Library of Congress Classification
Koha item type Books
Suppress in OPAC No
999 ## -
-- 6032
-- 6032
Holdings
Withdrawn status Lost status Source of classification or shelving scheme Damaged status Not for loan Collection Home library Current library Shelving location Date acquired Total checkouts Full call number Barcode Date last seen Copy number Price effective from Koha item type
    Library of Congress Classification     Non-fiction Undergraduate Library (Christ Temple) Undergraduate Library (Christ Temple) General stacks 05/29/2025   HB74.M3 BAU ulct00002723 05/29/2025 1 05/29/2025 Books
    Library of Congress Classification     Non-fiction Undergraduate Library (Christ Temple) Undergraduate Library (Christ Temple) General stacks 05/29/2025   HB74.M3 BAU ulct00002731 05/29/2025 1 05/29/2025 Books
© 2023-2024 Copyright: Central University Libraries. All Rights Reserved | Created by: Mahone Tech Office